000 00298nam a22001097a 4500
999 _c155289
_d155289
082 _a
_b
100 _aKamble Balakrishna Yalappa
245 _aSathothar sahithya meim rajnithic chetana/
_cby Kamble Balakrishna Yalappa.
260 _aKanpur:
_bAbhay Prakashan,
_c2012.
650 _a
942 _cBK